| 000 -LEADER |
| fixed length control field |
00966nam a22003258i 4500 |
| 001 - CONTROL NUMBER |
| control field |
018664995 |
| 003 - CONTROL NUMBER IDENTIFIER |
| control field |
Uk |
| 005 - DATE AND TIME OF LATEST TRANSACTION |
| control field |
20230809114320.0 |
| 008 - FIXED-LENGTH DATA ELEMENTS--GENERAL INFORMATION |
| fixed length control field |
171127s2018 enk j 000|0|eng|d |
| 015 ## - NATIONAL BIBLIOGRAPHY NUMBER |
| National bibliography number |
GBB800226 |
| Source |
bnb |
| 016 7# - NATIONAL BIBLIOGRAPHIC AGENCY CONTROL NUMBER |
| Record control number |
018664995 |
| Source |
Uk |
| 020 ## - INTERNATIONAL STANDARD BOOK NUMBER |
| International Standard Book Number |
9780008260156 (pbk.) |
| 040 ## - CATALOGING SOURCE |
| Original cataloging agency |
StDuBDS |
| Language of cataloging |
eng |
| Transcribing agency |
StDuBDS |
| Description conventions |
rda |
| Modifying agency |
KH8 |
| 082 04 - DEWEY DECIMAL CLASSIFICATION NUMBER |
| Classification number |
910 BEL |
| 100 1# - MAIN ENTRY--PERSONAL NAME |
| Personal name |
Belfield, John, |
| Relator term |
author. |
| 245 10 - TITLE STATEMENT |
| Title |
Cambridge IGCSE geography. |
| Name of part/section of a work |
Student's book / |
| Statement of responsibility, etc. |
John Belfield, Jack Gillett, Meg Gillett, John Rutter. |
| 246 30 - VARYING FORM OF TITLE |
| Title proper/short title |
IGCSE geography |
| 250 ## - EDITION STATEMENT |
| Edition statement |
Third edition. |
| 263 ## - PROJECTED PUBLICATION DATE |
| Projected publication date |
201803 |
| 264 #1 - PRODUCTION, PUBLICATION, DISTRIBUTION, MANUFACTURE, AND COPYRIGHT NOTICE |
| Place of production, publication, distribution, manufacture |
London : |
| Name of producer, publisher, distributor, manufacturer |
Collins, |
| Date of production, publication, distribution, manufacture, or copyright notice |
2018. |
| 300 ## - PHYSICAL DESCRIPTION |
| Extent |
vi, 394 pages, |
| Dimensions |
7.5 x 0.7 x 10.5 inches. |
| 336 ## - CONTENT TYPE |
| Content type term |
text |
| Source |
rdacontent |
| 337 ## - MEDIA TYPE |
| Media type term |
unmediated |
| Source |
rdamedia |
| 338 ## - CARRIER TYPE |
| Carrier type term |
volume |
| Source |
rdacarrier |
| 650 #0 - SUBJECT ADDED ENTRY--TOPICAL TERM |
| Topical term or geographic name entry element |
Geography. |
| 700 10 - ADDED ENTRY--PERSONAL NAME |
| Personal name |
Gillett, Jack, |
| Relator term |
author. |
| 700 10 - ADDED ENTRY--PERSONAL NAME |
| Personal name |
Gillett, Meg, |
| Relator term |
author. |
| 700 1# - ADDED ENTRY--PERSONAL NAME |
| Personal name |
Rutter, John, |
| Dates associated with a name |
1969- |
| Relator term |
author. |
| 942 ## - ADDED ENTRY ELEMENTS (KOHA) |
| Source of classification or shelving scheme |
|
| Koha item type |
Teaching Resources |